Parag Kumar Dasor nirbachita rachanawali (Record no. 8771)

MARC details
000 -LEADER
fixed length control field 00549cam a2200205ua 4500
008 - FIXED-LENGTH DATA ELEMENTS--GENERAL INFORMATION
fixed length control field 160824n ii |||gr||||Z||||||asm
040 ## - CATALOGING SOURCE
Transcribing agency MAIN
041 ## - LANGUAGE CODE
-- asm
082 ## - DEWEY DECIMAL CLASSIFICATION NUMBER
Classification number 891.451
100 ## - MAIN ENTRY--PERSONAL NAME
Personal name Das, Parag Kumar,
Relator term
245 ## - TITLE STATEMENT
Title Parag Kumar Dasor nirbachita rachanawali
Statement of responsibility, etc. ed. by Udayaditya Bharali
250 ## - EDITION STATEMENT
Edition statement 1st ed.
260 ## - PUBLICATION, DISTRIBUTION, ETC.
Place of publication, distribution, etc. Guwahati:
Name of publisher, distributor, etc. Udangshri prakashan,
Date of publication, distribution, etc. 1996.
300 ## - PHYSICAL DESCRIPTION
Extent 119p.
700 ## - ADDED ENTRY--PERSONAL NAME
Personal name Bharali, Udayaditya,
Relator term
942 ## - ADDED ENTRY ELEMENTS (KOHA)
Koha item type Books
653 ## - INDEX TERM--UNCONTROLLED
Uncontrolled term Assamese literature
653 ## - INDEX TERM--UNCONTROLLED
Uncontrolled term Asomiya prabandha
Holdings
Withdrawn status Lost status Damaged status Not for loan Home library Current library Shelving location Date acquired Total Checkouts Full call number Barcode Date last seen Copy number Price effective from Koha item type
        Naharkatiya College Library Naharkatiya College Library General Stacks 19/09/2020   891.451 | DAS 9190 19/09/2020 1 19/09/2020 Books

Naharkatiya College © 2020. All rights reserved.

Powered By